| 000 | 00480nam a2200169Ia 4500 | ||
|---|---|---|---|
| 999 |
_c7172 _d7172 |
||
| 003 | OSt | ||
| 005 | 20200124120915.0 | ||
| 008 | 190216s9999||||xx |||||||||||||| ||und|| | ||
| 040 | _coclc | ||
| 082 |
_a302.35 _bASW/O |
||
| 100 |
_aAswathappa, K _91369 |
||
| 245 | 0 |
_aOrganisational Behaviour / _cK Aswathappa |
|
| 250 | _a7th ed. | ||
| 260 |
_bHimalaya Publishing House, _c2007. _aMumbai: |
||
| 300 | _a676p | ||
| 942 |
_cBK _2ddc _h302.35 _iASW/O _k302.35 _mASW/O |
||